1,007 GRE Practice Questions, (Record no. 554064)
[ view plain ]
| 000 -LEADER | |
|---|---|
| fixed length control field | 00489nam a22001577a 4500 |
| 020 ## - INTERNATIONAL STANDARD BOOK NUMBER | |
| International Standard Book Number | 978-0307946317 |
| 082 ## - DEWEY DECIMAL CLASSIFICATION NUMBER | |
| Classification number | 378.1662 |
| Author Mark | GRE |
| -- | Donation |
| 110 ## - MAIN ENTRY--CORPORATE NAME | |
| Corporate name or jurisdiction name as entry element | Princeton Review |
| 9 (RLIN) | 51362 |
| 245 ## - TITLE STATEMENT | |
| Title | 1,007 GRE Practice Questions, |
| Statement of responsibility, etc. | Princeton Review |
| 250 ## - EDITION STATEMENT | |
| Edition statement | 4th Edition. |
| 260 ## - PUBLICATION, DISTRIBUTION, ETC. | |
| Place of publication, distribution, etc. | New York. |
| Name of publisher, distributor, etc. | Princeton Review |
| Date of publication, distribution, etc. | 2014. |
| 300 ## - PHYSICAL DESCRIPTION | |
| Extent | x;689 p.: |
| Dimensions | 8.4 x 1.7 x 10.8 inches |
| 500 ## - GENERAL NOTE | |
| General note | Graduate School Test Preparation |
| 526 ## - STUDY PROGRAM INFORMATION NOTE | |
| Program name | 0 |
| Interest level | 1 |
| Reading level | 0 |
| Title point value | 378_166200000000000_GRE |
| 942 ## - ADDED ENTRY ELEMENTS (KOHA) | |
| Source of classification or shelving scheme | |
| Koha item type | Book |
| Withdrawn status | Lost status | Source of classification or shelving scheme | Damaged status | Not for loan | Permanent Location | Current Location | Date acquired | Total Checkouts | Full call number | Barcode | Date last seen | Date last checked out | Price effective from | Koha item type |
|---|---|---|---|---|---|---|---|---|---|---|---|---|---|---|
| Military College of Engineering (MCE) | Military College of Engineering (MCE) | 04/05/2018 | 1 | 378.1662 GRE | MCE-50666 | 04/06/2018 | 04/06/2018 | 04/05/2018 | Book |
